Music Quiz

Random Music or Rock Quiz
Score 0/16 Timer 05:00
0 Plays Today
Band Country % Correct
Sigur RósIceland
90.9%
Godspeed You Black EmperorCanada
73.7%
MonoJapan
64.6%
MaybeshewillUnited Kingdom
51.5%
God is an AstronautIreland
50.5%
HammockUSA
43.4%
JakobNew Zealand
32.3%
SleepmakesWavesAustralia
31.3%
Band Country % Correct
P.g. LostSweden
30.3%
Year of No LightFrance
28.3%
Tides From NebulaPoland
25.3%
Collapse Under the EmpireGermany
24.2%
The Evtaporia ReportSwitzerland
24.2%
Echoes and SignalsRussia
20.2%
AtlantisThe Netherlands
19.2%
MisuseGreece
9.1%
Remove Ads.
Support Sporcle.
Get the best of Sporcle when you Go Orange. This ad-free experience offers more features, more stats, and more fun while also helping to support Sporcle. Thank you for becoming a member.

You're not logged in!

Compare scores with friends on all Sporcle quizzes.
OR
Log In

Show Comments

Extras

Top Quizzes Today


Score Distribution

Your Account Isn't Verified!

In order to create a playlist on Sporcle, you need to verify the email address you used during registration. Go to your Sporcle Settings to finish the process.

Report this User

Report this user for behavior that violates our Community Guidelines.

Details: